[Event "Festival SSM B Agosto"]
[Site "Milano ITA"]
[Date "2015.08.03"]
[Round "5"]
[White "Scovazzi, Tullio"]
[Black "Forti, Francesco"]
[WhiteElo "1643"]
[BlackElo "1647"]
[Result "1/2-1/2"]
[PlyCount "75"]
[EventDate "2015.07.31"]

1. e4 e6 2. d4 d5 3. Nd2 c5 4. c3 Nc6 5. exd5 Qxd5 6. dxc5 Bxc5 7. Ngf3 Nf6 8.
Bc4 Qh5 9. O-O O-O 10. Qc2 Bd6 11. Ne4 Nxe4 12. Qxe4 Ne5 13. Nxe5 Qxe5 14. Qxe5
Bxe5 15. f4 Bc7 16. Be3 b6 17. Rad1 Rd8 18. Rxd8+ Bxd8 19. Rd1 Bc7 20. Kf2 Kf8
21. Bb5 Ke7 22. Bc6 Rb8 23. Kf3 e5 24. h3 Be6 25. a3 exf4 26. Bxf4 Rd8 27. Bg5+
f6 28. Rxd8 Kxd8 29. Bf4 Bxf4 30. Kxf4 Kc7 31. Be4 h6 32. h4 Kd6 33. Bb1 Kc5
34. Ke3 Kb5 35. Bc2 g5 36. g3 Kc4 37. Ke4 Kc5 38. Bd1 1/2-1/2

[Event "Festival SSM B Agosto"]
[Site "Milano ITA"]
[Date "2015.08.03"]
[Round "5"]
[White "Bonghi, Fabrizio"]
[Black "Madaschi, Sergio"]
[WhiteElo "1481"]
[BlackElo "1523"]
[Result "0-1"]
[PlyCount "62"]
[EventDate "2015.07.31"]

1. d4 Nf6 2. c4 d6 3. Nf3 g6 4. g3 Bg7 5. Bg2 O-O 6. Nc3 c6 7. O-O a6 8. Bg5
Nbd7 9. e4 h6 10. Bxf6 Nxf6 11. Qc2 Qc7 12. Rad1 Bg4 13. b3 e5 14. dxe5 dxe5
15. Rd3 Rad8 16. Rxd8 Rxd8 17. a3 Be6 18. Na4 Bf8 19. b4 Ne8 20. c5 Bg7 21. Nb6
Nf6 22. Nc4 Bxc4 23. Qxc4 Nh7 24. Nh4 Nf8 25. f4 exf4 26. Rf3 fxg3 27. Rxg3
Rd1+ 28. Bf1 Rd4 29. Qe2 Qd8 30. Qg4 Rd1 31. Nf5 h5 0-1

[Event "Festival SSM B Agosto"]
[Site "Milano ITA"]
[Date "2015.08.03"]
[Round "5"]
[White "Colombo, Abner"]
[Black "Fantina, Carla"]
[WhiteElo "1307"]
[BlackElo "1314"]
[Result "1-0"]
[PlyCount "59"]
[EventDate "2015.07.31"]

1. e4 d6 2. d4 Nf6 3. Nc3 g6 4. f4 Bg7 5. h3 O-O 6. Nf3 c5 7. Be3 cxd4 8. Bxd4
Nc6 9. Bd3 Nxd4 10. Nxd4 e5 11. fxe5 dxe5 12. Nf3 Nd7 13. Qe2 Qb6 14. O-O-O Nc5
15. Nd5 Qa5 16. Bc4 Ne6 17. g3 a6 18. h4 b5 19. Ne7+ Kh8 20. Bd5 Bb7 21. Bxb7
Qxa2 22. Bxa8 Qa1+ 23. Kd2 Bh6+ 24. Ke1 Qa5+ 25. Kf1 Rxa8 26. Ng5 Nxg5 27. hxg5
Bf8 28. Qf2 Qc7 29. Qxf7 Qxe7 30. Rxh7# 1-0

[Event "Festival SSM B Agosto"]
[Site "Milano ITA"]
[Date "2015.08.04"]
[Round "6"]
[White "Aloe, Giancarlo"]
[Black "Pollio, Ciro"]
[WhiteElo "1711"]
[BlackElo "1769"]
[Result "1-0"]
[PlyCount "119"]
[EventDate "2015.07.31"]

1. e4 c5 2. f4 Nc6 3. Nf3 a6 4. a4 e6 5. e5 d5 6. exd6 Bxd6 7. d3 Qc7 8. Be2
Nf6 9. h3 Nh5 10. O-O Nxf4 11. Ng5 O-O 12. Nc3 Nd4 13. Nge4 Nfxe2+ 14. Nxe2
Nxe2+ 15. Qxe2 Be5 16. c3 b6 17. Qh5 g6 18. Qh4 f5 19. Bh6 Bg7 20. Ng5 Bxh6 21.
Qxh6 Qg7 22. Qh4 h6 23. Nf3 Bb7 24. Rae1 Bxf3 25. Rxf3 Rfe8 26. Rfe3 Kf7 27.
Qf4 Qf6 28. Qc7+ Qe7 29. Qxb6 Qa7 30. Qd6 Rad8 31. Qf4 g5 32. Qf3 Qd7 33. Qh5+
Kg7 34. Qe2 Kf6 35. Kh1 Re7 36. Qh5 Kg7 37. Qf3 Rde8 38. Re5 Qxa4 39. Rxc5 g4
40. Qg3 h5 41. d4 Qc2 42. Qe5+ Kg6 43. Re2 Qc1+ 44. Kh2 Qg5 45. Re3 Qf6 46. Qf4
Kf7 47. Rc6 a5 48. d5 a4 49. Re5 h4 50. hxg4 fxg4 51. dxe6+ Rxe6 52. Rc7+ R8e7
53. Rxe7+ Kxe7 54. Rf5 g3+ 55. Kh3 Qh6 56. Qc7+ Ke8 57. Qf7+ Kd8 58. Rd5+ Rd6
59. Re5 Qf6 60. Re8# 1-0

[Event "Festival SSM B Agosto"]
[Site "Milano ITA"]
[Date "2015.08.04"]
[Round "6"]
[White "Cavalieri, Riccardo"]
[Black "Mingolla, Patrizio"]
[WhiteElo "1744"]
[BlackElo "1626"]
[Result "1-0"]
[PlyCount "39"]
[EventDate "2015.07.31"]

1. e4 e5 2. Nf3 d6 3. Bc4 Nd7 4. O-O Be7 5. Bb3 Nc5 6. Re1 Nxb3 7. axb3 Nf6 8.
h3 O-O 9. Nc3 b6 10. d4 exd4 11. Nxd4 c5 12. Nc6 Qc7 13. Nxe7+ Qxe7 14. Bf4 Rd8
15. Nb5 Ne8 16. Qf3 Be6 17. Rad1 a6 18. Nc3 Qb7 19. Nd5 Qc6 20. Ne7+ 1-0

[Event "Festival SSM B Agosto"]
[Site "Milano ITA"]
[Date "2015.08.04"]
[Round "6"]
[White "Colonetti, Fabio"]
[Black "Cerri, Luigi"]
[WhiteElo "1642"]
[BlackElo "1497"]
[Result "1-0"]
[PlyCount "99"]
[EventDate "2015.07.31"]

1. e4 c6 2. d4 d5 3. exd5 cxd5 4. c4 Nf6 5. Nc3 e6 6. Bg5 Bb4 7. Nf3 O-O 8. Bd3
dxc4 9. Bxc4 b6 10. O-O Bb7 11. a3 Be7 12. Bb3 Nbd7 13. Bc2 h6 14. Bh4 Qc7 15.
Qd3 Bxf3 16. Qxf3 Qc4 17. Rfd1 Rac8 18. Rac1 Kh8 19. h3 Bxa3 20. Bd3 Qxd4 21.
Bxf6 Qxf6 22. Qxf6 Nxf6 23. bxa3 Rfd8 24. Ne2 Rb8 25. Rc7 Rd7 26. Rxd7 Nxd7 27.
Bb5 Nc5 28. Bd3 Kg8 29. Kf1 Kf8 30. Ng3 a6 31. Ne4 Nxe4 32. Bxe4 Ke7 33. Ke2 b5
34. Bd3 a5 35. Rb1 b4 36. axb4 axb4 37. Ke3 Kd6 38. Kd4 e5+ 39. Kc4 Rb7 40. Be4
Rb8 41. Rxb4 Rxb4+ 42. Kxb4 f6 43. Kb5 Ke6 44. Kc6 f5 45. Bd5+ Ke7 46. Kc7 Kf6
47. Kd6 g6 48. Bc4 g5 49. Be2 e4 50. Kd5 1-0

[Event "Festival SSM B Agosto"]
[Site "Milano ITA"]
[Date "2015.08.04"]
[Round "6"]
[White "Pedroli, Marco"]
[Black "Manzotti, Francesco"]
[WhiteElo "1592"]
[BlackElo "1774"]
[Result "1/2-1/2"]
[PlyCount "117"]
[EventDate "2015.07.31"]

1. e4 c5 2. Nf3 g6 3. d3 Bg7 4. g3 Nc6 5. c3 Nf6 6. Bg2 O-O 7. O-O d6 8. Be3
Qc7 9. Nbd2 Ng4 10. Qe2 Nxe3 11. fxe3 b5 12. Rf2 Rb8 13. Raf1 h6 14. Nh4 b4 15.
c4 Bxb2 16. Nxg6 Be6 17. Nf4 Qd7 18. Nxe6 Qxe6 19. Nb3 Bg7 20. Qh5 Ne5 21. Bh3
Qg6 22. Qe2 e6 23. Rf4 Rbc8 24. d4 cxd4 25. exd4 Nxc4 26. Rg4 Qh7 27. d5 Ne5
28. Rgf4 Qg6 29. dxe6 fxe6 30. Nd4 Rce8 31. R1f2 Rxf4 32. Rxf4 Nf7 33. Nf3 Ng5
34. Nxg5 hxg5 35. Rf1 Bd4+ 36. Kh1 Rf8 37. Rxf8+ Kxf8 38. Bg4 Ke7 39. Kg2 a5
40. Qd3 Bc5 41. Qc4 Qf6 42. Qe2 Qd4 43. Bf3 a4 44. Qa6 Qf2+ 45. Kh3 Qxf3 46.
Qb7+ Kf8 47. Qc8+ Kg7 48. Qd7+ Qf7 49. Qxa4 Qf1+ 50. Kg4 Qe2+ 51. Kxg5 Be3+ 52.
Kh4 Qxh2+ 53. Kg4 Qe2+ 54. Kh3 Bc5 55. Qe8 Qxe4 56. Qe7+ Kh6 57. Qf6+ Qg6 58.
Qh8+ Qh7 59. Qf6+ 1/2-1/2

[Event "Festival SSM B Agosto"]
[Site "Milano ITA"]
[Date "2015.08.04"]
[Round "6"]
[White "Santelli, Francesco"]
[Black "Poletto, Daniele"]
[WhiteElo "1759"]
[BlackElo "1712"]
[Result "1/2-1/2"]
[PlyCount "118"]
[EventDate "2015.07.31"]

1. e4 c5 2. Nf3 e6 3. d4 cxd4 4. Nxd4 a6 5. Nc3 Qc7 6. a3 b5 7. Be3 Bb7 8. Bd3
Nc6 9. f4 Nf6 10. O-O Nxd4 11. Bxd4 Bc5 12. Bxc5 Qxc5+ 13. Kh1 d6 14. Qe2 O-O
15. Rf3 Qh5 16. Re1 e5 17. Qf2 exf4 18. Rh3 Qe5 19. Nd5 Bxd5 20. exd5 Qg5 21.
Qf3 Rae8 22. Rf1 Re3 23. Qxf4 Qxf4 24. Rxf4 Rxh3 25. gxh3 Re8 26. a4 Nxd5 27.
Rd4 Ne3 28. Rxd6 g6 29. Rxa6 bxa4 30. Rxa4 Nxc2 31. b4 Ne3 32. b5 Rb8 33. Kg1
Nd5 34. Kf2 Nb6 35. Ra6 Kf8 36. Kf3 Ke7 37. h4 h5 38. Be4 f5 39. Bc6 Kf6 40.
Kf4 Nc8 41. Bd7+ Nb6 42. Bc6 Nc8 43. Bb7+ Kg7 44. Bxc8 Rxc8 45. Kg5 Rb8 46.
Rxg6+ Kh7 47. Rh6+ Kg7 48. Rc6 Rxb5 49. Rc7+ Kf8 50. Rc6 Kf7 51. Rf6+ Kg7 52.
Rxf5 Rxf5+ 53. Kxf5 Kh8 54. Kg5 Kh7 55. Kxh5 Kh8 56. Kh6 Kg8 57. Kg6 Kh8 58. h5
Kg8 59. h6 Kh8 1/2-1/2

[Event "Festival SSM B Agosto"]
[Site "Milano ITA"]
[Date "2015.08.04"]
[Round "6"]
[White "Colica, Daniele"]
[Black "Scovazzi, Tullio"]
[WhiteElo "1686"]
[BlackElo "1643"]
[Result "1-0"]
[PlyCount "52"]
[EventDate "2015.07.31"]

1. e4 e5 2. Nf3 Nc6 3. d4 exd4 4. Nxd4 Bc5 5. Be3 Qf6 6. c3 d6 7. Bc4 Nge7 8.
O-O Ng6 9. Nxc6 bxc6 10. Bxc5 dxc5 11. f4 O-O 12. g3 Rd8 13. Qe2 a5 14. Na3 Bd7
15. Nc2 Be8 16. Ne3 Qe7 17. e5 Nf8 18. Ng4 Kh8 19. f5 Qg5 20. Rf4 h5 21. Nf2
Qh6 22. Ne4 g5 23. Rf2 Nd7 24. e6 fxe6 25. fxe6 Ne5 26. e7 Rd7 1-0

[Event "Festival SSM B Agosto"]
[Site "Milano ITA"]
[Date "2015.08.04"]
[Round "6"]
[White "Madaschi, Sergio"]
[Black "Carbone, Lorenzo"]
[WhiteElo "1523"]
[BlackElo "1596"]
[Result "1/2-1/2"]
[PlyCount "89"]
[EventDate "2015.07.31"]

1. d4 d5 2. Nf3 e6 3. c4 Nf6 4. Nc3 Be7 5. e3 O-O 6. Bd3 b6 7. O-O a5 8. Qc2 h6
9. Re1 Bb7 10. e4 dxe4 11. Nxe4 Nbd7 12. Bd2 c5 13. Bc3 cxd4 14. Bxd4 Rc8 15.
Qe2 Nxe4 16. Bxe4 Bxe4 17. Qxe4 Rxc4 18. b3 Rc8 19. Rac1 Nf6 20. Qe2 Nd5 21.
Red1 Bf6 22. Be3 Qe7 23. Bd2 Qb7 24. Qe4 Qa6 25. Ne5 Bxe5 26. Qxe5 Nf6 27. Bxh6
Rxc1 28. Rxc1 Qd3 29. Qe3 Qxe3 30. Bxe3 Nd5 31. Bd2 Rd8 32. Kf1 Kf8 33. Ke2 Ke7
34. Bg5+ f6 35. Be3 Rd7 36. g3 g6 37. h4 f5 38. Bg5+ Kf7 39. Be3 e5 40. f3 f4
41. Bf2 Ke6 42. g4 Rb7 43. Kd2 Rd7 44. Ke2 Rb7 45. Kd3 1/2-1/2

[Event "Festival SSM B Agosto"]
[Site "Milano ITA"]
[Date "2015.08.04"]
[Round "6"]
[White "Marcuzzo, Stefano"]
[Black "Bracco, Valter"]
[WhiteElo "1515"]
[BlackElo "1400"]
[Result "1-0"]
[PlyCount "61"]
[EventDate "2015.07.31"]

1. e4 c6 2. d4 d5 3. Nc3 dxe4 4. Nxe4 Bf5 5. Ng3 Bg6 6. h4 h6 7. h5 Bh7 8. Nf3
Nd7 9. Bd3 Bxd3 10. Qxd3 Ngf6 11. c4 e6 12. Bd2 a6 13. O-O-O Be7 14. Kb1 b5 15.
c5 Nxc5 16. Qc2 Ncd7 17. Qxc6 Qc8 18. Qxc8+ Rxc8 19. Rc1 O-O 20. Ne5 Nxe5 21.
dxe5 Nd5 22. Ne4 Nb6 23. b3 Nd7 24. f4 Nc5 25. Nxc5 Bxc5 26. Rc2 Ba3 27. b4
Rfd8 28. Re1 Kh7 29. Rxc8 Rxc8 30. Re3 Rc4 31. Rxa3 1-0

[Event "Festival SSM B Agosto"]
[Site "Milano ITA"]
[Date "2015.08.04"]
[Round "6"]
[White "Bossoni, Alessandra"]
[Black "Colombo, Abner"]
[WhiteElo "1456"]
[BlackElo "1307"]
[Result "1-0"]
[PlyCount "65"]
[EventDate "2015.07.31"]

1. e4 e5 2. Nf3 Nf6 3. Nc3 Nc6 4. Bb5 Bc5 5. O-O O-O 6. d3 h6 7. Bxc6 dxc6 8.
Nxe5 Qe7 9. Nf3 Kh7 10. h3 Bb4 11. Bd2 Bc5 12. Qe2 Nh5 13. Ng5+ Kg6 14. Nf3 Ng3
15. Qd1 Nxf1 16. Kxf1 f5 17. Qe1 f4 18. d4 Bxd4 19. Nxd4 f3 20. Nxf3 Rxf3 21.
gxf3 Bxh3+ 22. Ke2 Kh7 23. Qg1 Be6 24. Rd1 Bc4+ 25. Ke1 g5 26. b3 Be6 27. Bc1
Rf8 28. Qg3 b5 29. Bb2 b4 30. Ne2 Qc5 31. Qe5 Qe7 32. Nd4 Re8 33. Nxe6 1-0

[Event "Festival SSM B Agosto"]
[Site "Milano ITA"]
[Date "2015.08.04"]
[Round "6"]
[White "Forti, Francesco"]
[Black "Invernizzi, Ferruccio"]
[WhiteElo "1647"]
[BlackElo "1615"]
[Result "1-0"]
[PlyCount "107"]
[EventDate "2015.07.31"]

1. d4 d6 2. c4 e5 3. dxe5 dxe5 4. Qxd8+ Kxd8 5. Nf3 f6 6. e4 Bb4+ 7. Bd2 Bxd2+
8. Nbxd2 c6 9. Rd1 Kc7 10. c5 Be6 11. Bc4 Bxc4 12. Nxc4 Nd7 13. b4 Ne7 14. Ke2
Rad8 15. Rd2 Ng6 16. Rhd1 Nf4+ 17. Kf1 Ne6 18. Nd6 Nb8 19. Ne1 Rd7 20. Nc2 Rhd8
21. Nc4 Rxd2 22. Rxd2 Rxd2 23. Nxd2 b6 24. cxb6+ axb6 25. Nb3 Na6 26. Ke1 c5
27. bxc5 Naxc5 28. Nxc5 Nxc5 29. f3 Kc6 30. Kd2 Kb5 31. Kc3 Ne6 32. g3 Ng5 33.
Ne1 Ka4 34. Kc4 b5+ 35. Kc5 b4 36. Kc4 Ka3 37. h4 Ne6 38. Nc2+ Kxa2 39. Nxb4+
Kb2 40. Kd5 Nd4 41. f4 Nf3 42. fxe5 Nxe5 43. Ke6 Kc3 44. Nd5+ Kd4 45. Kf5 Nf3
46. h5 Nd2 47. h6 g6+ 48. Kxf6 Nxe4+ 49. Kg7 Nxg3 50. Ne7 Ke5 51. Kxh7 Kf6 52.
Kg8 Kxe7 53. h7 Nf5 54. h8=Q 1-0

[Event "Festival SSM B Agosto"]
[Site "Milano ITA"]
[Date "2015.08.04"]
[Round "6"]
[White "Fantina, Carla"]
[Black "Bonghi, Fabrizio"]
[WhiteElo "1314"]
[BlackElo "1481"]
[Result "0-1"]
[PlyCount "106"]
[EventDate "2015.07.31"]

1. c4 e6 2. g3 Nf6 3. Bg2 c6 4. Nf3 d5 5. cxd5 exd5 6. O-O Bd6 7. Nc3 O-O 8. d4
Bf5 9. h3 Be4 10. Nxe4 Nxe4 11. a3 Qc7 12. Ng5 Nxg5 13. Bxg5 Nd7 14. e3 f6 15.
Bf4 Bxf4 16. exf4 f5 17. Rc1 Nf6 18. f3 Rfe8 19. Qd2 Re7 20. Rfe1 Rae8 21. Rxe7
Rxe7 22. Qb4 Nh5 23. Kh2 Re2 24. Re1 Rxe1 25. Qxe1 Qd7 26. Qe3 Nf6 27. g4 fxg4
28. hxg4 Qxg4 29. Bh3 Qg6 30. Qe6+ Qf7 31. Qxf7+ Kxf7 32. Kg3 b6 33. Bc8 c5 34.
dxc5 bxc5 35. Kf2 Ke7 36. Ke3 Kd6 37. Bf5 h6 38. Bh3 d4+ 39. Kd3 Nh5 40. Ke4
Ng3+ 41. Kd3 Kd5 42. b3 Nh5 43. Bg2 Ng3 44. Bh3 Nh5 45. Bc8 Nxf4+ 46. Kd2 Kc6
47. Bf5 Kd6 48. Be4 Nd5 49. Kd3 Nc3 50. b4 Nxe4 51. fxe4 cxb4 52. axb4 Ke5 53.
b5 g5 0-1

[Event "Festival SSM B Agosto"]
[Site "Milano ITA"]
[Date "2015.08.05"]
[Round "7"]
[White "Colonetti, Fabio"]
[Black "Cavalieri, Riccardo"]
[WhiteElo "1642"]
[BlackElo "1744"]
[Result "1-0"]
[PlyCount "57"]
[EventDate "2015.07.31"]

1. e4 c5 2. Nf3 e6 3. d4 cxd4 4. Nxd4 Nc6 5. Nc3 a6 6. Be3 Qc7 7. Bd3 Nf6 8.
O-O Be7 9. Kh1 O-O 10. a4 b6 11. f4 Bb7 12. e5 Nxd4 13. Bxd4 Nd5 14. Nxd5 Bxd5
15. Qh5 g6 16. Qe2 Qb7 17. Qg4 Rab8 18. Rae1 b5 19. axb5 axb5 20. Re3 Qc7 21.
b3 b4 22. Rg3 Qd8 23. Qh3 Kg7 24. Bb2 Re8 25. Rg4 Rf8 26. Bc1 Re8 27. Rg3 Rb7
28. f5 exf5 29. Qh6+ 1-0

[Event "Festival SSM B Agosto"]
[Site "Milano ITA"]
[Date "2015.08.05"]
[Round "7"]
[White "Pollio, Ciro"]
[Black "Colica, Daniele"]
[WhiteElo "1769"]
[BlackElo "1686"]
[Result "1-0"]
[PlyCount "101"]
[EventDate "2015.07.31"]

1. d4 Nf6 2. c4 e6 3. a3 d5 4. Nc3 c5 5. dxc5 Bxc5 6. b4 Be7 7. e3 Nc6 8. Nf3
O-O 9. cxd5 Nxd5 10. Nxd5 Qxd5 11. Qxd5 exd5 12. Bb2 Bf5 13. Bb5 Rac8 14. Rc1
a6 15. Bxc6 bxc6 16. Nd4 Bd7 17. Nb3 Be6 18. Bd4 Bf5 19. Bc5 Rfe8 20. Bxe7 Rxe7
21. Kd2 Re4 22. Rc3 Rc4 23. Rhc1 Be6 24. Na5 Rxc3 25. Rxc3 Bd7 26. Kd3 Kf8 27.
Kd4 Ke7 28. Kc5 Rb8 29. a4 Ke6 30. g4 Ke5 31. f4+ Ke6 32. Nb3 Ke7 33. h3 h5 34.
Nd4 hxg4 35. hxg4 f6 36. f5 Ra8 37. e4 a5 38. exd5 cxd5 39. Re3+ Kf7 40. b5
Rc8+ 41. Kd6 Rc4 42. Re7+ Kg8 43. Kxd5 Rc7 44. Kd6 Rc4 45. Nc6 Bxc6 46. bxc6
Kf8 47. Re6 Rd4+ 48. Kc5 Rd1 49. c7 Rc1+ 50. Kb6 Rb1+ 51. Kc6 1-0

[Event "Festival SSM B Agosto"]
[Site "Milano ITA"]
[Date "2015.08.05"]
[Round "7"]
[White "Mingolla, Patrizio"]
[Black "Pedroli, Marco"]
[WhiteElo "1626"]
[BlackElo "1592"]
[Result "1-0"]
[PlyCount "41"]
[EventDate "2015.07.31"]

1. e4 d5 2. exd5 Qxd5 3. Nc3 Qa5 4. Nf3 Nf6 5. Bc4 c6 6. Qe2 Bg4 7. Bxf7+ Kxf7
8. Ne5+ Kg8 9. Nxg4 Qf5 10. Nxf6+ gxf6 11. d3 e5 12. Ne4 Bb4+ 13. Bd2 Bxd2+ 14.
Qxd2 Qe6 15. Qh6 Kf7 16. O-O Nd7 17. f4 Rag8 18. fxe5 Qxe5 19. Qh3 Qe6 20.
Qxe6+ Kxe6 21. Rae1 1-0

[Event "Festival SSM B Agosto"]
[Site "Milano ITA"]
[Date "2015.08.05"]
[Round "7"]
[White "Carbone, Lorenzo"]
[Black "Bossoni, Alessandra"]
[WhiteElo "1596"]
[BlackElo "1456"]
[Result "0-1"]
[PlyCount "84"]
[EventDate "2015.07.31"]

1. e4 d6 2. d4 Nf6 3. Bd3 g6 4. Nf3 Bg7 5. O-O O-O 6. h3 Nc6 7. c3 e5 8. Be3
Re8 9. d5 Ne7 10. Na3 Rf8 11. Qd2 Ne8 12. Bh6 f5 13. Bxg7 Kxg7 14. Qe2 fxe4 15.
Bxe4 Nf6 16. c4 Nxe4 17. Qxe4 Bf5 18. Qe3 Bd7 19. Rad1 Nf5 20. Qe4 c6 21. Nc2
cxd5 22. cxd5 Qb6 23. b3 Ng3 24. Qh4 Nxf1 25. Rxf1 Qd8 26. Qb4 Bxh3 27. Qxb7+
Qd7 28. Qb4 Rxf3 29. gxf3 Bxf1 30. Kxf1 Qh3+ 31. Ke2 Qd7 32. Ne3 Rf8 33. Qh4
Qb5+ 34. Nc4 Qxd5 35. Qg4 Rf4 36. Qd7+ Rf7 37. Qg4 Qb5 38. Ke3 Qc5+ 39. Ke2 Qd4
40. Qe6 Qf4 41. Qh3 e4 42. Nd2 exf3+ 0-1

[Event "Festival SSM B Agosto"]
[Site "Milano ITA"]
[Date "2015.08.05"]
[Round "7"]
[White "Forti, Francesco"]
[Black "Santelli, Francesco"]
[WhiteElo "1647"]
[BlackElo "1759"]
[Result "0-1"]
[PlyCount "48"]
[EventDate "2015.07.31"]

1. d4 Nf6 2. c4 e5 3. dxe5 Ng4 4. Nf3 Bc5 5. e3 Nc6 6. Be2 Ngxe5 7. O-O O-O 8.
Nbd2 Re8 9. a3 a5 10. b3 Ra6 11. Bb2 Qe7 12. Qc2 Ng4 13. Rfe1 Nce5 14. h3 Nxf3+
15. Bxf3 Ne5 16. Be2 Rg6 17. Nf3 Nxf3+ 18. Bxf3 d6 19. Kh2 Qg5 20. Be4 Bf5 21.
f3 Bxe4 22. fxe4 Qg3+ 23. Kh1 Bxe3 24. Qd3 Qxg2# 0-1

[Event "Festival SSM B Agosto"]
[Site "Milano ITA"]
[Date "2015.08.05"]
[Round "7"]
[White "Scovazzi, Tullio"]
[Black "Madaschi, Sergio"]
[WhiteElo "1643"]
[BlackElo "1523"]
[Result "1-0"]
[PlyCount "71"]
[EventDate "2015.07.31"]

1. e4 c5 2. d4 cxd4 3. c3 dxc3 4. Nxc3 Nc6 5. Nf3 e6 6. Bc4 d6 7. O-O Be7 8.
Qe2 a6 9. Rd1 Qc7 10. Be3 b5 11. Bd3 Nf6 12. Rac1 Qb8 13. Nxb5 axb5 14. Rxc6
Bb7 15. Bxb5 O-O 16. Rb6 Ng4 17. a4 Nxe3 18. Qxe3 Rc8 19. b3 Qc7 20. Bd3 d5 21.
Rb5 Ba6 22. exd5 Bxb5 23. Bxb5 exd5 24. Qd3 Rd8 25. Nd4 Bf6 26. g3 Bxd4 27.
Qxd4 h6 28. Rd3 Qa7 29. Qe5 d4 30. Bc4 Qa5 31. Qf4 Qa7 32. g4 Rd7 33. h4 Qc5
34. g5 hxg5 35. hxg5 Kf8 36. Rh3 1-0

[Event "Open SSM Luglio"]
[Site "Milano ITA"]
[Date "2015.07.02"]
[Round "1"]
[White "Astengo, Corrado"]
[Black "Carli, Federico"]
[WhiteElo "2114"]
[BlackElo "1677"]
[Result "1-0"]
[PlyCount "57"]
[EventDate "2015.07.02"]

1. e4 g6 2. d4 Bg7 3. Nc3 c6 4. Bc4 d5 5. exd5 Nf6 6. dxc6 Nxc6 7. Nge2 Bf5 8.
O-O O-O 9. Bf4 Nh5 10. Be3 Rc8 11. Bb3 Na5 12. Qd2 Nxb3 13. axb3 a6 14. Rac1
Nf6 15. Bh6 Bxh6 16. Qxh6 b5 17. Ng3 Qxd4 18. Nxf5 gxf5 19. Qg5+ Kh8 20. Qxf5
b4 21. Rfd1 Qh4 22. Nd5 Nxd5 23. Rxd5 Qh6 24. Rcd1 e6 25. Qe5+ f6 26. Qxe6 Rxc2
27. Rd8 Rxb2 28. g3 Rxd8 29. Rxd8+ 1-0

[Event "Open SSM Luglio"]
[Site "Milano ITA"]
[Date "2015.07.02"]
[Round "1"]
[White "Bemporad, Filippo"]
[Black "Vece, Luigi"]
[WhiteElo "2042"]
[BlackElo "1565"]
[Result "1-0"]
[PlyCount "89"]
[EventDate "2015.07.02"]

1. d4 Nf6 2. c4 e6 3. Nf3 Bb4+ 4. Nbd2 O-O 5. g3 c6 6. Bg2 d5 7. O-O Nbd7 8.
Qc2 Re8 9. b3 e5 10. dxe5 Nxe5 11. Nxe5 Rxe5 12. Nf3 Re8 13. Bb2 Qe7 14. e3
dxc4 15. Qxc4 Ba5 16. Rfd1 h6 17. Qc2 Bg4 18. h3 Bh5 19. Qf5 Qe4 20. Qxe4 Nxe4
21. g4 Bg6 22. Rd7 Nc5 23. Rd4 Nd3 24. Ra4 Bb6 25. Bd4 Bxd4 26. Rxd4 Rad8 27.
Rd1 Rxd4 28. Nxd4 Nb4 29. Nf5 Re5 30. Rd8+ Kh7 31. Rd7 Nxa2 32. Rxb7 Nc1 33.
Bxc6 Rc5 34. Nd4 a5 35. f4 Bd3 36. Rxf7 Rc3 37. Rb7 Na2 38. f5 Rc1+ 39. Kh2 Rf1
40. Kg2 Nc3 41. Ne6 Nd1 42. Nf4 Nxe3+ 43. Kg3 Bc2 44. f6 Kg8 45. f7+ 1-0

[Event "Open SSM Luglio"]
[Site "Milano ITA"]
[Date "2015.07.02"]
[Round "1"]
[White "Biava, Pierluigi"]
[Black "Pelizzola, Danilo"]
[WhiteElo "1588"]
[BlackElo "2064"]
[Result "1-0"]
[PlyCount "68"]
[EventDate "2015.07.02"]

1. d4 Nf6 2. c4 e6 3. Nc3 Bb4 4. e3 b6 5. Nge2 Ba6 6. a3 Be7 7. Ng3 d5 8. f4
O-O 9. Qf3 Qd7 10. f5 c5 11. cxd5 Bxf1 12. dxe6 fxe6 13. Rxf1 Nc6 14. fxe6 Qd6
15. Nf5 Nxd4 16. exd4 Qxe6+ 17. Qe2 Qd7 18. Nxe7+ Kh8 19. Nf5 cxd4 20. Qd3 Qc6
21. Ne2 Qxg2 22. Qg3 Qb7 23. Qd3 Rad8 24. Bd2 Qc7 25. Bf4 Qc6 26. Rc1 Qe6 27.
Rc7 Nd5 28. Nxg7 Qf6 29. Ne6 Nxc7 30. Nxf8 Rxf8 31. Be5 Qxe5 32. Rxf8+ Kg7 33.
Rf4 Ne6 34. Qg3+ Ng5 1-0

[Event "Open SSM Luglio"]
[Site "Milano ITA"]
[Date "2015.07.02"]
[Round "1"]
[White "Cazzaniga, Walter"]
[Black "Aloe, Giancarlo"]
[WhiteElo "2163"]
[BlackElo "1711"]
[Result "1/2-1/2"]
[PlyCount "72"]
[EventDate "2015.07.02"]

1. d4 d5 2. c4 c6 3. Nc3 e5 4. dxe5 d4 5. Ne4 Qa5+ 6. Nd2 Qxe5 7. Ngf3 Qd6 8.
g3 Nf6 9. Bg2 Be7 10. O-O O-O 11. Nb3 c5 12. Bf4 Qa6 13. Ne5 Be6 14. e3 dxe3
15. Bxe3 Nbd7 16. Nxd7 Nxd7 17. Qh5 g6 18. Qf3 b6 19. Rfc1 Rad8 20. Bh6 Rfe8
21. Bf1 Ne5 22. Qf4 Ng4 23. Bh3 Qc8 24. Re1 Bd6 25. Qg5 Nxh6 26. Bxe6 fxe6 27.
Qxh6 Bf8 28. Qe3 Bg7 29. Rab1 e5 30. Nd2 Qf5 31. Ne4 Rd4 32. Rbd1 Red8 33. Rxd4
exd4 34. Qd3 Rf8 35. Kg2 g5 36. h3 h5 1/2-1/2

[Event "Open SSM Luglio"]
[Site "Milano ITA"]
[Date "2015.07.02"]
[Round "1"]
[White "Colica, Daniele"]
[Black "Lattanzio, Savino"]
[WhiteElo "1686"]
[BlackElo "2155"]
[Result "0-1"]
[PlyCount "76"]
[EventDate "2015.07.02"]

1. Nf3 Nf6 2. b3 b6 3. Bb2 Bb7 4. c4 e6 5. e3 d5 6. Be2 Bd6 7. O-O O-O 8. Ne5
Nfd7 9. f4 f6 10. Nxd7 Nxd7 11. cxd5 exd5 12. Bf3 Re8 13. Nc3 c6 14. Qc2 Nc5
15. b4 Ne6 16. a3 Nc7 17. Rae1 a5 18. bxa5 Rxa5 19. Na4 Nb5 20. e4 Nxa3 21.
Bxa3 Bxa3 22. exd5 cxd5 23. Qb3 Bf8 24. Qxb6 Qxb6+ 25. Nxb6 Bc5+ 26. Kh1 Rxe1
27. Rxe1 Bxb6 28. Rb1 Bc6 29. g3 Bc5 30. Rc1 Be8 31. Bxd5+ Bf7 32. Bg2 g6 33.
h4 Bf2 34. Kh2 Ra3 35. Rc3 Rxc3 36. dxc3 Be3 37. Bh3 h5 38. Bc8 Bd2 0-1

[Event "Open SSM Luglio"]
[Site "Milano ITA"]
[Date "2015.07.02"]
[Round "1"]
[White "Fantina, Carla"]
[Black "Ricciardi, Arcangelo"]
[WhiteElo "1314"]
[BlackElo "1766"]
[Result "0-1"]
[PlyCount "48"]
[EventDate "2015.07.02"]

1. c4 e5 2. Nc3 Nc6 3. g3 Bc5 4. Bg2 Nf6 5. e4 d6 6. Nge2 Be6 7. Nd5 Bg4 8. h3
Bxe2 9. Qxe2 Nxd5 10. exd5 Nd4 11. Qd1 O-O 12. O-O f5 13. d3 f4 14. Qg4 fxg3
15. Be3 gxf2+ 16. Bxf2 Rf4 17. Qd1 Qg5 18. Bxd4 Bxd4+ 19. Kh1 Rxf1+ 20. Qxf1
Rf8 21. Qe2 Rf2 22. Qg4 Qxg4 23. hxg4 Rxb2 24. a4 Rxg2 0-1

[Event "Open SSM Luglio"]
[Site "Milano ITA"]
[Date "2015.07.02"]
[Round "1"]
[White "Frignani, Alessandro"]
[Black "Mazzoccoli, Simone"]
[WhiteElo "1403"]
[BlackElo "1786"]
[Result "0-1"]
[PlyCount "62"]
[EventDate "2015.07.02"]

1. e4 c5 2. f4 Nf6 3. d3 g6 4. Nf3 d6 5. Nc3 Bg7 6. h3 Nc6 7. a3 O-O 8. Be3 a6
9. Qd2 b5 10. g3 Rb8 11. Rb1 Re8 12. Bg2 Qc7 13. Bf2 Bd7 14. O-O Rec8 15. Rfe1
e6 16. e5 dxe5 17. fxe5 Nd5 18. Nxd5 exd5 19. Qf4 d4 20. c3 dxc3 21. bxc3 Ne7
22. Ng5 Be6 23. d4 cxd4 24. cxd4 Nd5 25. Bxd5 Bxd5 26. Rbc1 Qd7 27. Rxc8+ Rxc8
28. Rc1 Rxc1+ 29. Qxc1 h6 30. Nxf7 Qxh3 31. Nxh6+ Bxh6 0-1

[Event "Open SSM Luglio"]
[Site "Milano ITA"]
[Date "2015.07.02"]
[Round "1"]
[White "Libutti, Michele"]
[Black "Bracco, Valter"]
[WhiteElo "1770"]
[BlackElo "1400"]
[Result "1-0"]
[PlyCount "63"]
[EventDate "2015.07.02"]

1. d4 d5 2. c4 c6 3. Nf3 Nf6 4. Nc3 e6 5. Bg5 Nbd7 6. e3 Be7 7. Bd3 O-O 8. O-O
b6 9. cxd5 cxd5 10. Rc1 Bb7 11. Qe2 Rc8 12. h3 Re8 13. Bf4 Nf8 14. Nb5 a6 15.
Nc7 Bd6 16. Bxd6 Qxd6 17. Nxe8 Rxe8 18. Bxa6 Bxa6 19. Qxa6 N8d7 20. Rc8 h6 21.
Rfc1 Rxc8 22. Qxc8+ Kh7 23. Qc7 Qb4 24. Qc2+ g6 25. Qc3 Qb5 26. a3 Ne4 27. Qc2
Ndf6 28. b4 Kg7 29. Nd2 Nd6 30. Qc6 Qe2 31. Qxd6 Qxd2 32. Qc6 1-0